|
|
|
|
| LEADER |
01495cam a2200397 a 4500 |
| 001 |
c000277077 |
| 003 |
CARM |
| 005 |
20071123103441.0 |
| 008 |
950418s1995 aca b f100 0 eng d |
| 019 |
1 |
|
|a 11543407
|z 41387010
|z 48934193
|5 LACONCORD2021
|
| 020 |
|
|
|a 0644431008 (pbk.)
|
| 035 |
|
|
|a (OCoLC)34664193
|5 LACONCORD2021
|
| 040 |
|
|
|a AINC
|b eng
|c AINC
|d NMQU
|d VCAV
|
| 042 |
|
|
|a anuc
|
| 043 |
|
|
|a u-at---
|
| 050 |
|
4 |
|a HG5892
|b .S46 1995
|
| 082 |
0 |
4 |
|a 332.60994
|2 20
|
| 082 |
0 |
4 |
|a 332.60994
|2 22
|
| 082 |
0 |
4 |
|a 332.60994
|2 20
|
| 245 |
0 |
0 |
|a Short-termism in Australian investment :
|b proceedings of an EPAC workshop held in Canberra on 10 November 1994.
|
| 260 |
|
|
|a Canberra :
|b Australian Govt. Pub. Service,
|c c1995.
|
| 300 |
|
|
|a x, 167 p. ;
|c 25 cm.
|
| 490 |
1 |
|
|a Commission paper,
|x 1322-8919 ;
|v no. 6
|
| 500 |
|
|
|a Cat. no. 9501991.
|
| 500 |
|
|
|a "April 1995"
|
| 504 |
|
|
|a Includes bibliographical references.
|
| 650 |
|
0 |
|a Investments, Australian
|x Congresses.
|
| 653 |
|
|
|a Investment
|
| 653 |
|
|
|a Investment intentions
|
| 653 |
|
|
|a Statistics
|
| 653 |
|
|
|a Federal issue
|
| 710 |
1 |
|
|a Australia.
|b Economic Planning Advisory Commission
|
| 830 |
|
0 |
|a Commission paper (Australia. Economic Planning Advisory Commission) ;
|v no. 6.
|
| 852 |
8 |
|
|b CARM
|h A2:AJ01H0
|i C10635
|p 0396664
|f BK
|
| 999 |
f |
f |
|i fa7e55b2-c525-5a77-8b23-63b82d91a6d6
|s 3ee12dda-bf3e-58f8-8743-a39d64e4ab6a
|
| 952 |
f |
f |
|p Can circulate
|a CAVAL
|b CAVAL
|c CAVAL
|d CARM 1 Store
|e C10635
|f A2:AJ01H0
|h Other scheme
|i book
|m 0396664
|